000
00251nam a2200121 a 4500
005
20260322212009.0
008
data
092
_a
087
100
1
_a
Elton John
245
1
0
_a
Greatest hits
_c
Elton John.
260
_a
NY, NY
_b
PolyGram Records
_c
1974
001
data
999
_c
173
_d
173